Política deducida de las propicias palabras de la Sagrada Escritura al serenísimo Señor Delfín

Detalles Bibliográficos
Autor principal: BOSSUET, Jacobo Benigno
Formato: Libro
Publicado: Madrid 1743
Materias:
Colección:Banco de datos
Acervo:Biblioteca del Ex Convento de Nuestra Señora de Guadalupe. Zacatecas
Descripción Física:t. III
Tema general:Literatura
Notas:Buena. XXVI,2,5 (7520)
LEADER 00767nam a22002050004500
035 |a 44569 
036 |a 5753 
100 1 |a BOSSUET, Jacobo Benigno 
245 1 0 |a Política deducida de las propicias palabras de la Sagrada Escritura al serenísimo Señor Delfín  |c tr. Miguel José Fernández 
260 |a Madrid  |b imp. Antonio Marín  |c 1743 
300 |a t. III 
500 |a Buena. XXVI,2,5 (7520) 
650 1 0 |a Literatura 
949 |a CRZ-CG 
959 |a Ex convento de Nuestra Señora de Guadalupe, Museo Regional de Zacatecas, Zacatecas  |b CCC4 
960 |a Convento de Nuestra Señora de Guadalupe, Zacatecas  |b DD87 
961 |a Franciscana  |b OF 
942 |c CRZ-CG 
943 |g Biblioteca del Ex Convento de Nuestra Señora de Guadalupe. Zacatecas 
999 |c 968696  |d 968696